000 00519nam a2200181 i 4500
001 45446
003 ES-MaACL
005 20250918063025.0
007 t|
008 030326s1965 sp ||||1| spa d
100 1 _aColette,
_d1873-1954
_9161423
245 1 3 _aLa vagabunda /
_cColette ; traducción de Mariano García.
260 _aBarcelona :
_bAHR,
_c[1965]
300 _a287 p. ;
_c18 cm.
700 1 _aGarcía Sanz, Mariano.
_9160309
852 _aES-MaACL
_jC-23327
_bR.51929
999 _c45446
_d45446